| 000 | 00738nac a22001811u 4500 | ||
|---|---|---|---|
| 020 | _a0273694499 | ||
| 082 |
_a337.142 _bP384 |
||
| 090 |
_c2359 _d2359 |
||
| 100 | _aPelkmans, Jacques | ||
| 245 |
_aEuropean integration : _bMethods and economic analysis / _cJacques pelkmans |
||
| 250 | _a3rd ed. | ||
| 260 |
_aHarlow,England : _bFinancial Times Prentice Hall ,2006 _c2006. |
||
| 300 |
_axxiii,480 p. : _bill. ; _c25 cm. |
||
| 504 | _aIncludes bibliography:p. 448-466 and index. | ||
| 650 |
_a European Union countries _x Economic integration |
||
| 942 |
_cBB _k337.142 P384 |
||
| 999 |
_c2359 _d2359 |
||